000 00369cam a22001217a 4500
008 180718b1987 xxu||||| |||| 00| 0 eng d
082 _aT19x5432 Sh23
100 _aSharma, L.R.
245 _aThe economy of Himanchal Pradesh: growth and structure
_cby L.R. Sharma
260 _aDelhi
_bMittal
_c1987
300 _a167p.
650 _aEconomic development - Himachal Pradesh
999 _c354441
_d354441